Las bases farmacologicas de la terapeutica (Registro nro. 86)

Detalles MARC
000 -CABECERA
campo de control de longitud fija 00823nam a2200277Ia 4500
003 - IDENTIFICADOR DEL NÚMERO DE CONTROL
campo de control AR-RoIUNI
005 - FECHA Y HORA DE LA ÚLTIMA TRANSACCIÓN
campo de control 20241122062541.0
008 - DATOS DE LONGITUD FIJA--INFORMACIÓN GENERAL
campo de control de longitud fija 150616s9999 xx 000 0 und d
040 ## - FUENTE DE LA CATALOGACIÓN
Centro/agencia transcriptor AR-RoIUNI
040 ## - FUENTE DE LA CATALOGACIÓN
Centro/agencia modificador OCLC
Centro/agencia transcriptor AR-RoIUNI
080 ## - NÚMERO DE LA CLASIFICACIÓN DECIMAL UNIVERSAL
Número de la Clasificación Decimal Universal 615 GOO
100 1# - ENTRADA PRINCIPAL--NOMBRE DE PERSONA
Nombre de persona Goodman Gilman, Alfred
9 (RLIN) 223
245 1# - MENCIÓN DE TÍTULO
Título Las bases farmacologicas de la terapeutica
Mención de responsabilidad, etc. Goodman, Louis. Gilman, Alfred
245 ## - MENCIÓN DE TÍTULO
Mención de responsabilidad, etc. Editores: Brunton, Laurence; Lazo, John S.; Parker, Keith L. Traduccion: Daniel Landes
246 ## - FORMA VARIANTE DE TÍTULO
Título propio/Titulo breve Goodman and Gilman
Resto del título Las bases farmacologicas de la terapeutica
250 ## - MENCIÓN DE EDICIÓN
Mención de edición 6a. ed.
260 ## - PUBLICACIÓN, DISTRIBUCIÓN, ETC. (PIE DE IMPRENTA)
Lugar de publicación, distribución, etc. Buenos Aires
260 ## - PUBLICACIÓN, DISTRIBUCIÓN, ETC. (PIE DE IMPRENTA)
Nombre del editor, distribuidor, etc. Medica panamericana
260 ## - PUBLICACIÓN, DISTRIBUCIÓN, ETC. (PIE DE IMPRENTA)
Fecha de publicación, distribución, etc. 1981
300 ## - DESCRIPCIÓN FÍSICA
Extensión 1756 p.
300 ## - DESCRIPCIÓN FÍSICA
Dimensiones 25 cm.
650 10 - PUNTO DE ACCESO ADICIONAL DE MATERIA--TÉRMINO DE MATERIA
Término de materia o nombre geográfico como elemento inicial Medicina
9 (RLIN) 58
650 10 - PUNTO DE ACCESO ADICIONAL DE MATERIA--TÉRMINO DE MATERIA
9 (RLIN) 153
Término de materia o nombre geográfico como elemento inicial Farmacología
650 10 - PUNTO DE ACCESO ADICIONAL DE MATERIA--TÉRMINO DE MATERIA
9 (RLIN) 220
Término de materia o nombre geográfico como elemento inicial Terapéutica
942 ## - ELEMENTOS DE PUNTO DE ACCESO ADICIONAL (KOHA)
Tipo de ítem Koha Libros
Fuente del sistema de clasificación o colocación Clasificación Decimal Universal
Existencias
Estado de retiro Estado de pérdida Fuente del sistema de clasificación o colocación Estado dañado Excepción de préstamo Código de colección Localización permanente Ubicación/localización actual Ubicación en estantería Fecha de adquisición Número de inventario Total de préstamos Signatura topográfica completa Código de barras En préstamo Fecha visto por última vez Fecha del último préstamo Precio válido a partir de Tipo de ítem Koha
    Clasificación Decimal Universal     Medicina BIBLIOTECA CENTRAL BIBLIOTECA CENTRAL BIBLIOTECA CENTRAL 16/06/2015 88 4 615 GOO 88c 02/04/2025 31/03/2025 31/03/2025 16/06/2015 Libros